[Event "IX Festival A"]
[Site "Cesenatico ITA"]
[Date "2004.09.12"]
[Round "9"]
[White "Battaglia, Edoardo"]
[Black "Kemeny, Matthias"]
[Result "1/2-1/2"]
[WhiteElo "1877"]
[BlackElo "2074"]
[PlyCount "89"]
[EventDate "2004.09.04"]

1. e4 c6 2. d4 d5 3. f3 Nf6 4. e5 Nfd7 5. f4 e6 6. Bd3 g6 7. c4 dxc4 8. Bxc4
Bb4+ 9. Nc3 Nb6 10. Bb3 Nd5 11. Nge2 Qh4+ 12. g3 Qg4 13. Kf2 Nd7 14. Bc2 f6 15.
a3 Ba5 16. Kg2 fxe5 17. dxe5 O-O 18. Nd4 Qxd1 19. Nxd1 Re8 20. h4 Nf8 21. Ne3
Bd7 22. Nc4 Bc7 23. b4 b5 24. Ne3 Bb6 25. Rd1 a5 26. Nxd5 cxd5 27. Bb2 Rec8 28.
Bd3 axb4 29. axb4 Ra4 30. Rxa4 bxa4 31. Ra1 Rb8 32. b5 Ra8 33. Nc6 Be8 34. Bc2
Kf7 35. Bxa4 Nd7 36. Bd1 Rxa1 37. Bxa1 Nc5 38. Nd4 Nd3 39. Ba4 Ke7 40. Kf3 Kd7
41. Ke3 Nc5 42. Bc2 Nb7 43. Kd2 Na5 44. Bd3 Nb7 45. Bc2 1/2-1/2

[Event "IX Festival A"]
[Site "Cesenatico ITA"]
[Date "2004.09.12"]
[Round "9"]
[White "Bernardini, Luca"]
[Black "Altea, Giovanni"]
[Result "1/2-1/2"]
[WhiteElo "1760"]
[BlackElo "1778"]
[PlyCount "68"]
[EventDate "2004.09.04"]

1. b3 d6 2. Bb2 e5 3. e3 Nf6 4. f4 exf4 5. exf4 g6 6. Be2 Bg7 7. Nf3 O-O 8. O-O
b6 9. d3 Bb7 10. Nc3 Re8 11. Qd2 Nd5 12. Nxd5 Bxb2 13. Rab1 Bg7 14. Nc3 Qf6 15.
Ne4 Qe7 16. Ng3 Nd7 17. Rbe1 Qe3+ 18. Qxe3 Rxe3 19. Bd1 Rae8 20. Rxe3 Rxe3 21.
Re1 Rxe1+ 22. Nxe1 f5 23. Bf3 Bxf3 24. Nxf3 Bh6 25. Ne2 Kf7 26. g3 c5 27. Kf2
Nf6 28. c4 Ng4+ 29. Ke1 Ke6 30. d4 Nf6 31. d5+ Kd7 32. Kd2 Ne4+ 33. Kd3 Bg7 34.
Nd2 Nf6 1/2-1/2

[Event "IX Festival A"]
[Site "Cesenatico ITA"]
[Date "2004.09.12"]
[Round "9"]
[White "Bonacci, Mauro"]
[Black "Bardi, Massimo"]
[Result "1-0"]
[WhiteElo "2204"]
[BlackElo "2076"]
[PlyCount "61"]
[EventDate "2004.09.04"]

1. e4 c5 2. Nc3 g6 3. g3 Bg7 4. Bg2 Nc6 5. d3 d6 6. Be3 Nf6 7. h3 Bd7 8. Qd2
Qa5 9. Nge2 b5 10. O-O b4 11. Nd1 Qc7 12. Bh6 O-O 13. Bxg7 Kxg7 14. Ne3 e5 15.
f4 Qc8 16. Kh2 Nd4 17. Nxd4 cxd4 18. Nc4 Qc5 19. fxe5 dxe5 20. Qg5 Qe7 21. Qxe5
Be6 22. g4 h6 23. h4 Rh8 24. Kg1 Rac8 25. g5 hxg5 26. hxg5 Kg8 27. Rxf6 Rc5 28.
Qf4 Rh5 29. Ne5 Rxc2 30. Rf1 Qc7 31. Rxe6 1-0

[Event "IX Festival A"]
[Site "Cesenatico ITA"]
[Date "2004.09.12"]
[Round "9"]
[White "Calzetta Ruiz, Monica"]
[Black "Areklett, Ivar"]
[Result "1-0"]
[WhiteElo "2289"]
[BlackElo "2105"]
[PlyCount "69"]
[EventDate "2004.09.04"]

1. e4 c5 2. Nf3 d6 3. d4 Nf6 4. Nc3 cxd4 5. Nxd4 a6 6. Be2 e6 7. Be3 Qc7 8. Qd2
b5 9. a3 Bb7 10. f3 Nbd7 11. O-O-O d5 12. exd5 Nxd5 13. Nxd5 Bxd5 14. Nf5 Rc8
15. Bf4 Qc6 16. Rhe1 g6 17. Nd4 Qb7 18. Kb1 Be7 19. Bh6 Nb6 20. Bg7 Rg8 21. Qh6
Na4 22. Qxh7 Rxg7 23. Qxg7 b4 24. Qg8+ Bf8 25. Bb5+ axb5 26. Nxe6 Bxe6 27.
Rxe6+ fxe6 28. Qxe6+ Be7 29. Qg8+ Bf8 30. Qe6+ Be7 31. Qg8+ Bf8 32. Re1+ Kd7
33. Qf7+ Kc6 34. Re6+ Bd6 35. Rxd6+ 1-0

[Event "IX Festival A"]
[Site "Cesenatico ITA"]
[Date "2004.09.12"]
[Round "9"]
[White "Carola, Paolo"]
[Black "Traversi, Carlo"]
[Result "1/2-1/2"]
[WhiteElo "2053"]
[BlackElo "1792"]
[PlyCount "32"]
[EventDate "2004.09.04"]

1. e4 Nc6 2. Nc3 Nf6 3. d4 e5 4. dxe5 Nxe5 5. f4 Nc6 6. Be3 Bb4 7. Bc4 Qe7 8.
e5 Ne4 9. Nge2 O-O 10. O-O Nxc3 11. Nxc3 Bxc3 12. bxc3 d6 13. Bd3 Be6 14. Bd4
dxe5 15. fxe5 Qg5 16. Rf2 Bg4 1/2-1/2

[Event "IX Festival A"]
[Site "Cesenatico ITA"]
[Date "2004.09.12"]
[Round "9"]
[White "D'Innocente, Stefano"]
[Black "Roeder, Matthias"]
[Result "1-0"]
[WhiteElo "2197"]
[BlackElo "2431"]
[PlyCount "165"]
[EventDate "2004.09.04"]

1. e4 c5 2. Nf3 d6 3. Bb5+ Nc6 4. d4 cxd4 5. Qxd4 Nf6 6. Nc3 e5 7. Qd3 h6 8.
O-O Be6 9. Nd5 a6 10. Ba4 b5 11. Nxf6+ Qxf6 12. Bb3 Bxb3 13. axb3 Qe6 14. c4 b4
15. Qd5 Kd7 16. Rd1 Be7 17. Be3 Rhb8 18. c5 Qxd5 19. exd5 Nd8 20. c6+ Kc7 21.
Nd2 f5 22. f3 Bg5 23. Nc4 Bxe3+ 24. Nxe3 g6 25. Ra5 f4 26. Nc4 Rb5 27. Rda1
Rxa5 28. Rxa5 Nf7 29. Kf2 Ng5 30. h4 Nh7 31. Ke2 Nf6 32. Kd3 Rb8 33. Rxa6 Nxd5
34. Ra7+ Kxc6 35. Rg7 g5 36. hxg5 hxg5 37. Rg6 Ne3 38. Nxe5+ Kd5 39. Nc4 Kc5
40. Nxe3 fxe3 41. Rxg5+ d5 42. Kxe3 Re8+ 43. Kd2 Ra8 44. g4 Ra2 45. Kc2 Ra1 46.
Rf5 Rg1 47. g5 Rg2+ 48. Kd3 Rxb2 49. g6 Rxb3+ 50. Kc2 Rc3+ 51. Kd2 Ra3 52. f4
Ra2+ 53. Kd3 Ra3+ 54. Kc2 Ra8 55. g7 Rg8 56. Rf7 Kc4 57. f5 b3+ 58. Kb2 d4 59.
f6 d3 60. Rc7+ Kd5 61. Kxb3 Ke6 62. f7 Rxg7 63. f8=Q Rxc7 64. Qg8+ Kd7 65. Qd5+
Kc8 66. Qxd3 Rb7+ 67. Kc4 Rc7+ 68. Kb5 Rb7+ 69. Ka6 Rc7 70. Qf5+ Kd8 71. Kb6
Re7 72. Kc6 Re6+ 73. Kd5 Ra6 74. Qf8+ Kc7 75. Qe7+ Kb6 76. Qd6+ Kb7 77. Qd7+
Ka8 78. Kc5 Ra3 79. Qd5+ Ka7 80. Kb5 Rg3 81. Qd7+ Ka8 82. Qc8+ Ka7 83. Qc7+ 1-0

[Event "IX Festival A"]
[Site "Cesenatico ITA"]
[Date "2004.09.12"]
[Round "9"]
[White "Da Forno, Roberto"]
[Black "Del Vecchio, Gastone"]
[Result "1/2-1/2"]
[WhiteElo "1748"]
[BlackElo "1896"]
[PlyCount "121"]
[EventDate "2004.09.04"]

1. e4 c5 2. d4 cxd4 3. c3 dxc3 4. Nxc3 d6 5. Nf3 Nc6 6. Bc4 Nf6 7. O-O a6 8.
Qe2 Bg4 9. Be3 Ne5 10. Bb3 e6 11. Rfd1 Nxf3+ 12. gxf3 Bh5 13. Bf4 Qa5 14. Rac1
Be7 15. Nd5 exd5 16. exd5 O-O 17. Qxe7 Bxf3 18. Rd3 Bxd5 19. Bxd5 Nxd5 20. Qg5
f5 21. Rg3 Rf7 22. Bxd6 Re8 23. Be5 Qd8 24. Qxd8 Rxd8 25. Rd1 Rfd7 26. Rgd3 Kf7
27. f4 g6 28. Kf2 Nf6 29. Rxd7+ Rxd7 30. Rxd7+ Nxd7 31. Bd4 Ke6 32. Ke3 Kd5 33.
h3 Nb8 34. a3 Nc6 35. Bc3 Kc4 36. Be5 Kb3 37. h4 Kc2 38. Bc3 b6 39. Kf3 h5 40.
Ke2 a5 41. Ke3 b5 42. Be5 b4 43. axb4 Nxb4 44. Kd4 Nd3 45. Kd5 Nxb2 46. Bd6 a4
47. Ke6 Kb3 48. Kf6 Nd3 49. Kxg6 Nb4 50. Kxf5 a3 51. Kg6 a2 52. Be5 Nd3 53. Ba1
Kc2 54. f5 Kb1 55. Bc3 Nb2 56. f6 a1=Q 57. f7 Qa6+ 58. Bf6 Qc8 59. Kg7 Qg4+ 60.
Bg5 Qd4+ 61. Kg8 1/2-1/2

[Event "IX Festival A"]
[Site "Cesenatico ITA"]
[Date "2004.09.12"]
[Round "9"]
[White "Del Nevo, Claudio"]
[Black "Pompili, Ugo"]
[Result "1-0"]
[WhiteElo "1941"]
[BlackElo "1801"]
[PlyCount "59"]
[EventDate "2004.09.04"]

1. d4 Nf6 2. Bg5 Ne4 3. Bf4 d5 4. e3 e6 5. Bd3 f5 6. Nf3 Be7 7. Ne5 O-O 8. c3
Nd7 9. Nd2 Nxe5 10. Bxe5 Bd6 11. Nf3 Qe7 12. h4 Bd7 13. Qc2 c5 14. h5 cxd4 15.
exd4 Bc6 16. O-O-O b5 17. Nh4 Bxe5 18. dxe5 b4 19. f3 Nc5 20. g4 Nxd3+ 21. Qxd3
bxc3 22. gxf5 cxb2+ 23. Kb1 exf5 24. f4 d4 25. Qc4+ Kh8 26. Qxc6 Rac8 27. Ng6+
hxg6 28. hxg6+ Kg8 29. Qd5+ Rf7 30. gxf7+ 1-0

[Event "IX Festival A"]
[Site "Cesenatico ITA"]
[Date "2004.09.12"]
[Round "9"]
[White "Di Caro, Calogero"]
[Black "Jonkman, Harmen"]
[Result "1/2-1/2"]
[WhiteElo "2322"]
[BlackElo "2425"]
[PlyCount "118"]
[EventDate "2004.09.04"]

1. d4 d5 2. c4 dxc4 3. e3 e6 4. Bxc4 Nf6 5. Nf3 a6 6. O-O b5 7. Bb3 Bb7 8. a4
b4 9. Nbd2 Nbd7 10. Qe2 c5 11. Nc4 Be7 12. e4 O-O 13. e5 Ne8 14. Rd1 cxd4 15.
Nxd4 Nc5 16. Bc2 Qc7 17. a5 Rd8 18. Bf4 Bd5 19. Nb6 g6 20. Rac1 Ng7 21. Nxd5
exd5 22. Nb3 Nge6 23. Bh6 Rfe8 24. Nxc5 Bxc5 25. Ba4 Re7 26. Qxa6 Qxe5 27. Qb5
Bd6 28. g3 Nd4 29. Rxd4 Qxd4 30. Rd1 Qc5 31. Qxc5 Bxc5 32. Bg5 d4 33. Bxe7 Bxe7
34. Bb5 Rb8 35. Bd3 Kf8 36. a6 Bc5 37. Rc1 Bb6 38. Rc4 Ke7 39. Rxb4 Ba7 40.
Rxb8 Bxb8 41. f4 Kd6 42. Bc4 f6 43. b4 g5 44. fxg5 fxg5 45. Bd3 h6 46. Kf2 Ke5
47. Kf3 Ba7 48. Kg4 Kf6 49. Kh5 Kg7 50. h4 gxh4 51. Kxh4 Bb8 52. b5 Ba7 53. Kg4
Kf6 54. Kf4 Ke6 55. Bc4+ Kd6 56. Kg4 d3 57. Bxd3 Kc7 58. Kh5 Be3 59. a7 Kb7
1/2-1/2

[Event "IX Festival A"]
[Site "Cesenatico ITA"]
[Date "2004.09.12"]
[Round "9"]
[White "Dragojlovic, Andjelko"]
[Black "Maahs, Erich"]
[Result "1-0"]
[WhiteElo "2309"]
[BlackElo "2155"]
[PlyCount "59"]
[EventDate "2004.09.04"]

1. e4 e6 2. d4 d5 3. Nc3 Nc6 4. Nf3 Nf6 5. e5 Ne4 6. a3 Be7 7. Bd3 Nxc3 8. bxc3
O-O 9. h4 f6 10. exf6 Bxf6 11. Bxh7+ Kf7 12. Ng5+ Ke7 13. a4 Kd7 14. Qg4 Bxg5
15. Bxg5 Qe8 16. O-O Rh8 17. Bd3 Nd8 18. c4 c6 19. cxd5 cxd5 20. Bb5+ Nc6 21.
Rfe1 a6 22. Bd3 Qf7 23. Rxe6 Kc7 24. Qf4+ Qxf4 25. Bxf4+ Kb6 26. Rg6 Rxh4 27.
a5+ Ka7 28. Bc7 Nxd4 29. Bb6+ Kb8 30. Rxg7 1-0

[Event "IX Festival A"]
[Site "Cesenatico ITA"]
[Date "2004.09.12"]
[Round "9"]
[White "Facchetti, Gianni"]
[Black "Bossoni, Mario"]
[Result "1-0"]
[WhiteElo "2190"]
[BlackElo "2009"]
[PlyCount "99"]
[EventDate "2004.09.04"]

1. e4 c5 2. Nf3 e6 3. c3 d5 4. exd5 Qxd5 5. d4 Nc6 6. Be3 cxd4 7. cxd4 Bb4+ 8.
Nbd2 Nge7 9. Be2 Nf5 10. O-O Nfxd4 11. Nxd4 Nxd4 12. Bxd4 Qxd4 13. Qa4+ Bd7 14.
Bb5 Bxb5 15. Qxb5+ Ke7 16. Qxb7+ Kf6 17. Ne4+ Kg6 18. Ng3 Rad8 19. Qf3 h5 20.
Rad1 Qg4 21. Qb3 h4 22. h3 Qf4 23. Qc2+ f5 24. Ne2 Qe5 25. f4 Qe3+ 26. Kh2 Rd2
27. Rxd2 Bxd2 28. Ng1 Ba5 29. Qc6 Kf6 30. Qc4 Rb8 31. Nf3 Qe4 32. Qc1 Rd8 33.
b3 Rd3 34. Qa3 Bb4 35. Qa6 Qe2 36. Rg1 Qe4 37. Ng5 Qd5 38. Qxa7 Be7 39. Qf2 Bc5
40. Qxh4 Bxg1+ 41. Kh1 Ke7 42. Nf3+ Kd6 43. Qd8+ Kc5 44. Qa5+ Kd6 45. Qd8+ Kc5
46. Qf8+ Qd6 47. Qxg7 Qxf4 48. Qa7+ Kd5 49. Qa5+ Ke4 50. Qb4+ 1-0

[Event "IX Festival A"]
[Site "Cesenatico ITA"]
[Date "2004.09.12"]
[Round "9"]
[White "Frilli, Guido"]
[Black "Tomescu, Vlad"]
[Result "0-1"]
[WhiteElo "2131"]
[BlackElo "2397"]
[PlyCount "104"]
[EventDate "2004.09.04"]

1. e4 c5 2. Nf3 Nc6 3. c3 d5 4. exd5 Qxd5 5. d4 e6 6. Be2 Nf6 7. O-O cxd4 8.
cxd4 Be7 9. Nc3 Qd6 10. Nb5 Qd8 11. Ne5 O-O 12. Bf3 Bd7 13. Nc3 Rc8 14. Be3 b6
15. Rc1 Be8 16. a3 Bd6 17. Nxc6 Bxc6 18. Bxc6 Rxc6 19. Qf3 Rc7 20. Ne4 Nd5 21.
Nxd6 Qxd6 22. Rxc7 Qxc7 23. Rc1 Qd7 24. Qd1 Rc8 25. Rxc8+ Qxc8 26. Qc1 Qd7 27.
Qc4 f6 28. g3 Kf7 29. Bc1 Ke7 30. Kf1 Kd6 31. Ke2 Qc6 32. Kd3 Qxc4+ 33. Kxc4
Kc6 34. a4 a6 35. Bd2 h5 36. h4 Ne7 37. Bb4 Nf5 38. Bd2 Nd6+ 39. Kd3 Kd5 40. b3
Nf5 41. Be3 g6 42. b4 b5 43. axb5 axb5 44. Bd2 Nxd4 45. Be3 e5 46. Bd2 Ne6 47.
f3 Nd4 48. Ke3 Nf5+ 49. Kf2 Kc4 50. Be1 Ne7 51. g4 Nd5 52. Kg3 f5 0-1

[Event "IX Festival A"]
[Site "Cesenatico ITA"]
[Date "2004.09.12"]
[Round "9"]
[White "Gromovs, Sergejs"]
[Black "Gaiba, Paolo"]
[Result "1-0"]
[WhiteElo "2341"]
[BlackElo "2145"]
[PlyCount "101"]
[EventDate "2004.09.04"]

1. d4 d5 2. Nf3 Nf6 3. c4 c6 4. e3 e6 5. Nc3 Bd6 6. Bd3 dxc4 7. Bxc4 Nbd7 8. e4
e5 9. Bg5 Qe7 10. O-O O-O 11. Re1 Nb6 12. Bb3 Bg4 13. h3 Bh5 14. d5 h6 15. Bh4
g5 16. Bg3 Rfd8 17. a3 Kh7 18. Qd3 Nbd7 19. Bc2 Bg6 20. dxc6 bxc6 21. Rad1 Nb6
22. Qe2 Nh5 23. Bh2 Nf4 24. Qf1 Qf6 25. Nd2 Bh5 26. g4 Bg6 27. Nb3 h5 28. Bxf4
gxf4 29. f3 Qh4 30. Bd3 hxg4 31. hxg4 Kg7 32. Qg2 Rh8 33. Ba6 Rad8 34. Re2 Na4
35. Red2 Nxc3 36. bxc3 Bxa3 37. Rxd8 Rxd8 38. Ra1 Qe7 39. Bc4 Bc5+ 40. Kf1 Bb6
41. Ke2 Rh8 42. Rh1 Qa3 43. Rxh8 Qb2+ 44. Nd2 Kxh8 45. Qh3+ Kg7 46. g5 Kf8 47.
Qh8+ Ke7 48. Qf6+ Ke8 49. Qxc6+ Kf8 50. Qd6+ Ke8 51. Bd5 1-0

[Event "IX Festival A"]
[Site "Cesenatico ITA"]
[Date "2004.09.12"]
[Round "9"]
[White "Lausen, Berthold"]
[Black "Salerni, Guido"]
[Result "1-0"]
[WhiteElo "2059"]
[BlackElo "1691"]
[PlyCount "65"]
[EventDate "2004.09.04"]

1. d4 Nf6 2. c4 c5 3. Nf3 cxd4 4. Nxd4 Nc6 5. Nc3 a6 6. Nc2 g6 7. g3 Bg7 8. Bg2
O-O 9. O-O Rb8 10. b3 d6 11. Bb2 Bd7 12. Nd5 Nxd5 13. Bxg7 Ne3 14. Nxe3 Kxg7
15. h4 Ne5 16. Qd4 Kg8 17. Nd5 Bc6 18. e4 Bd7 19. Rad1 Bh3 20. Qb2 Bxg2 21.
Kxg2 Nd7 22. h5 h6 23. hxg6 fxg6 24. Rh1 Kh7 25. Rxh6+ Kg8 26. Rxg6+ Kf7 27.
Rg7+ Ke8 28. Rxe7+ Qxe7 29. Nxe7 Kxe7 30. Qd4 Rf6 31. c5 Nxc5 32. e5 Rf5 33.
Qxd6+ 1-0

[Event "IX Festival A"]
[Site "Cesenatico ITA"]
[Date "2004.09.12"]
[Round "9"]
[White "Lombardini, Giulio"]
[Black "Vincenzi, Andrea"]
[Result "1/2-1/2"]
[WhiteElo "2072"]
[BlackElo "1807"]
[PlyCount "66"]
[EventDate "2004.09.04"]

1. e4 e5 2. Nf3 Nc6 3. Bb5 d6 4. d4 exd4 5. Nxd4 Bd7 6. Nxc6 bxc6 7. Ba4 g6 8.
Nc3 Bg7 9. O-O Ne7 10. Bg5 O-O 11. Qd2 Rb8 12. Rab1 Qe8 13. Bh6 Bxh6 14. Qxh6
Nc8 15. f4 f5 16. Rfe1 Qf7 17. Bb3 Be6 18. exf5 Bxb3 19. fxg6 Qxg6 20. Qxg6+
hxg6 21. axb3 Rxf4 22. Re8+ Rf8 23. Re6 Kg7 24. Rbe1 Nb6 25. Ne4 Nd5 26. Ng5
Kh6 27. h4 Kh5 28. g3 Rb4 29. R1e4 a5 30. Kg2 Rxe4 31. Rxe4 Nf6 32. Rf4 Nd7 33.
Ra4 Re8 1/2-1/2

[Event "IX Festival A"]
[Site "Cesenatico ITA"]
[Date "2004.09.12"]
[Round "9"]
[White "Lucchi, Lorenzo"]
[Black "Maddaloni, Giovanni"]
[Result "1/2-1/2"]
[WhiteElo "1577"]
[BlackElo "1849"]
[PlyCount "88"]
[EventDate "2004.09.04"]

1. e4 c5 2. Nf3 e6 3. d4 cxd4 4. Nxd4 a6 5. a3 Qc7 6. Nc3 Bc5 7. Be3 Nc6 8.
Nxe6 dxe6 9. Bxc5 Nge7 10. Qd6 Qxd6 11. Bxd6 O-O 12. O-O-O b5 13. b3 Re8 14. a4
bxa4 15. Nxa4 Bb7 16. Nb6 Rad8 17. Bc4 Nc8 18. Bc7 Nxb6 19. Bxb6 Rxd1+ 20. Rxd1
Ne5 21. Be2 Bxe4 22. Bc7 Nc6 23. f3 Bg6 24. Bxa6 Bxc2 25. Rd6 Nb4 26. Bc4 Rc8
27. Rxe6 Bd3 28. Rb6 Nd5 29. Rd6 Bxc4 30. bxc4 Nxc7 31. Kd2 Ne6 32. Kd3 Kf8 33.
g3 Ke7 34. Rb6 Rd8+ 35. Kc3 Rd1 36. f4 Rc1+ 37. Kd3 Rh1 38. f5 Nd8 39. Ra6 Rxh2
40. Ra7+ Kd6 41. c5+ Kxc5 42. Rd7 Rh1 43. Ke2 Rh5 44. Rxd8 Rxf5 1/2-1/2

[Event "IX Festival A"]
[Site "Cesenatico ITA"]
[Date "2004.09.12"]
[Round "9"]
[White "Marholev, Dimitar"]
[Black "Pozzi, Enrico"]
[Result "1-0"]
[WhiteElo "2350"]
[BlackElo "2208"]
[PlyCount "123"]
[EventDate "2004.09.04"]

1. e4 e5 2. Nf3 d6 3. d4 Nf6 4. Nc3 Nbd7 5. a4 Be7 6. Bc4 O-O 7. O-O c6 8. a5
Qc7 9. Bg5 h6 10. Bh4 Re8 11. Bg3 Bf8 12. Re1 b5 13. axb6 Qxb6 14. b3 Bb7 15.
Na4 Qc7 16. dxe5 Nxe5 17. Nxe5 dxe5 18. f3 Nd7 19. Bf2 Nb6 20. Bd3 Bb4 21. Rf1
c5 22. Qe2 Red8 23. Rfc1 Qd6 24. Rd1 Nxa4 25. Rxa4 a5 26. Qf1 Bc6 27. Raa1 Bc3
28. Bc4 Qe7 29. Rab1 a4 30. bxa4 Bxa4 31. Qe2 Bd4 32. Bd5 Rab8 33. Qc4 Be8 34.
c3 Bxf2+ 35. Kxf2 Qh4+ 36. Kg1 Qe7 37. h3 Rdc8 38. Kh2 g6 39. Qa6 Kg7 40. c4
Qf6 41. Qa7 Rxb1 42. Rxb1 Qd8 43. Rb7 Qf6 44. Kh1 Qg5 45. Rb1 h5 46. Qb7 Qd8
47. Qb2 Qe7 48. f4 f6 49. fxe5 fxe5 50. Ra1 Bf7 51. Ra6 Rf8 52. Qa1 Qg5 53. Ra7
Kg8 54. Qe1 Qf4 55. Rc7 Bxd5 56. cxd5 Qf1+ 57. Qxf1 Rxf1+ 58. Kh2 Rd1 59. Rc6
Kf7 60. Kg3 Rf1 61. Rc7+ Kf6 62. Rc6+ 1-0

[Event "IX Festival A"]
[Site "Cesenatico ITA"]
[Date "2004.09.12"]
[Round "9"]
[White "Mrdja, Milan"]
[Black "Ori, Marco"]
[Result "1-0"]
[WhiteElo "2432"]
[BlackElo "2081"]
[PlyCount "53"]
[EventDate "2004.09.04"]

1. e4 c6 2. d4 d5 3. Nc3 dxe4 4. Nxe4 Nd7 5. Nf3 Ngf6 6. Nxf6+ Nxf6 7. Ne5 Be6
8. c3 g6 9. Bd3 Bg7 10. h4 Qd5 11. Kf1 Nd7 12. Nxd7 Qxd7 13. Qe2 Bf5 14. Bc4 b5
15. Bb3 O-O 16. f3 e5 17. g4 Bxg4 18. fxg4 exd4 19. Bf4 Rae8 20. Qf3 c5 21. Bd5
dxc3 22. bxc3 Rd8 23. Rd1 b4 24. cxb4 Qb5+ 25. Kg2 Qxb4 26. h5 Bd4 27. hxg6 1-0

[Event "IX Festival A"]
[Site "Cesenatico ITA"]
[Date "2004.09.12"]
[Round "9"]
[White "Novotny, Michal"]
[Black "Giussani, Igor"]
[Result "1-0"]
[WhiteElo "2197"]
[BlackElo "1670"]
[PlyCount "44"]
[EventDate "2004.09.04"]

1. e4 e5 2. Nf3 Nc6 3. d4 exd4 4. Bc4 Bc5 5. Ng5 Nh6 6. Nxf7 Nxf7 7. Bxf7+ Kxf7
8. Qh5+ g6 9. Qxc5 d5 10. O-O dxe4 11. c3 Qd6 12. Qb5 Be6 13. Nd2 dxc3 14. Nxe4
Qe5 15. Ng5+ Kg7 16. Qxb7 Bf5 17. bxc3 Qd6 18. Qb3 Rhf8 19. Ba3 Qf6 20. Bxf8+
Rxf8 21. f4 h6 22. Nf3 Bd3 1-0

[Event "IX Festival A"]
[Site "Cesenatico ITA"]
[Date "2004.09.12"]
[Round "9"]
[White "Pircher, Karl"]
[Black "Giorgi, Sandro"]
[Result "1-0"]
[WhiteElo "2013"]
[BlackElo "1599"]
[PlyCount "58"]
[EventDate "2004.09.04"]

1. d4 d5 2. c4 c6 3. Nc3 dxc4 4. a4 Nf6 5. e3 Bf5 6. Bxc4 e6 7. Nf3 Bb4 8. O-O
O-O 9. Qe2 Nbd7 10. e4 Bg4 11. e5 Nd5 12. Ne4 Be7 13. h3 Bh5 14. g4 Bg6 15. Ng3
c5 16. dxc5 Nxc5 17. Rd1 Qc7 18. Bd2 Rac8 19. Rac1 Qb8 20. a5 Na4 21. Bxd5 exd5
22. Qb5 Nc5 23. Bb4 Bd3 24. Rxd3 Nxd3 25. Rxc8 Qxc8 26. Bxe7 Qc1+ 27. Nf1 Qc2
28. Bh4 Nf4 29. Kh2 29... Qe4 {...} 1-0

[Event "IX Festival A"]
[Site "Cesenatico ITA"]
[Date "2004.09.12"]
[Round "9"]
[White "Rossi, Giampiero"]
[Black "Masotti, Roberto"]
[Result "1-0"]
[WhiteElo "2012"]
[BlackElo "1874"]
[PlyCount "120"]
[EventDate "2004.09.04"]

1. d4 d5 2. c4 c6 3. cxd5 cxd5 4. Nc3 Nf6 5. Nf3 a6 6. Bf4 Nc6 7. e3 Bg4 8. Rc1
e6 9. Bd3 Bd6 10. Bxd6 Qxd6 11. Qb3 Qb4 12. Qxb4 Nxb4 13. Bb1 Bxf3 14. gxf3 Rc8
15. Ke2 Ke7 16. a3 Nc6 17. b4 b5 18. Rhd1 Rhd8 19. f4 g6 20. Bd3 Ne8 21. Rc2
Nd6 22. Rdc1 Nc4 23. Bxc4 dxc4 24. Ne4 Nb8 25. Rc3 Nd7 26. Nc5 Nb6 27. Nxa6 Nd5
28. R3c2 Ra8 29. Nc5 Rxa3 30. Rb1 Nc3+ 31. Rxc3 Rxc3 32. Ra1 Rc2+ 33. Kf3 Rb2
34. Ra7+ Ke8 35. Ne4 Rxb4 36. Nf6+ Kf8 37. Nxh7+ Kg8 38. Nf6+ Kg7 39. Ne4 Ra4
40. Rb7 b4 41. Nc5 Rda8 42. Nxe6+ Kg8 43. Nc5 b3 44. Nxa4 Rxa4 45. Ke4 Ra3 46.
d5 Ra2 47. Kd4 Rc2 48. d6 Rd2+ 49. Kxc4 Rxd6 50. Kc3 Rd1 51. Rxb3 Rh1 52. Kd4
Rxh2 53. Rb2 Kg7 54. Ke4 Kf6 55. Rb6+ Kg7 56. Kf3 Rh1 57. e4 Rg1 58. Rb5 Ra1
59. e5 Re1 60. Rb3 Kf8 1-0

[Event "IX Festival A"]
[Site "Cesenatico ITA"]
[Date "2004.09.12"]
[Round "9"]
[White "Rotstein, Arkadij"]
[Black "Estremera Panos, Sergio"]
[Result "1-0"]
[WhiteElo "2524"]
[BlackElo "2341"]
[PlyCount "71"]
[EventDate "2004.09.04"]

1. c4 Nf6 2. Nf3 b6 3. g3 c5 4. Bg2 Bb7 5. O-O g6 6. Nc3 Bg7 7. d4 cxd4 8. Qxd4
d6 9. Rd1 Nbd7 10. Be3 Rc8 11. Rac1 a6 12. b3 O-O 13. Qh4 Rc7 14. g4 h6 15.
Bxh6 Bxh6 16. Qxh6 Nxg4 17. Qg5 Ndf6 18. Rd4 Rc5 19. Qd2 Kg7 20. Nd5 Bxd5 21.
cxd5 Qc7 22. Rdc4 b5 23. Rxc5 dxc5 24. Qc3 Rd8 25. h3 Nh6 26. e4 Qf4 27. Re1
Rc8 28. Ne5 b4 29. Qb2 Kg8 30. Nc6 Re8 31. e5 Nh5 32. Re4 Qg5 33. h4 Qf5 34.
Qc1 Kh7 35. Qe3 a5 36. Bh3 1-0

[Event "IX Festival A"]
[Site "Cesenatico ITA"]
[Date "2004.09.12"]
[Round "9"]
[White "Russi, Roberto"]
[Black "Pruesse, Horst"]
[Result "1/2-1/2"]
[WhiteElo "2086"]
[BlackElo "2126"]
[PlyCount "40"]
[EventDate "2004.09.04"]

1. c4 e5 2. Nc3 Nf6 3. Nf3 Nc6 4. g3 d5 5. cxd5 Nxd5 6. d3 Be7 7. Bg2 Be6 8.
O-O f6 9. a3 Qd7 10. Re1 g5 11. Nxd5 Bxd5 12. b4 g4 13. b5 gxf3 14. bxc6 Bxc6
15. Bxf3 Bxf3 16. exf3 O-O-O 17. f4 Qxd3 18. Qxd3 Rxd3 19. fxe5 fxe5 20. Bb2
Rhd8 1/2-1/2

[Event "IX Festival A"]
[Site "Cesenatico ITA"]
[Date "2004.09.12"]
[Round "9"]
[White "Steccanella, Sergio"]
[Black "Guccione, Daniele"]
[Result "0-1"]
[WhiteElo "1724"]
[BlackElo "1814"]
[PlyCount "66"]
[EventDate "2004.09.04"]

1. e4 e5 2. Nf3 Nc6 3. Nc3 Nf6 4. d4 exd4 5. Nd5 Nb4 6. Bg5 Nbxd5 7. exd5 Bb4+
8. Bd2 Qe7+ 9. Be2 Nxd5 10. Nxd4 O-O 11. O-O Bxd2 12. Qxd2 d6 13. Rfe1 Qf6 14.
c4 Nf4 15. Bf3 Be6 16. Re4 Ng6 17. b3 c5 18. Nc2 Bf5 19. Ree1 Qb2 20. Bxb7 Qxc2
21. Qxc2 Bxc2 22. Bxa8 Rxa8 23. Re3 Kf8 24. Rae1 Ne5 25. R1e2 Bf5 26. f3 Be6
27. Kf2 a5 28. a4 Rb8 29. h3 Nc6 30. Rd2 Nd4 31. g4 g5 32. Kg3 h5 33. f4 h4+
0-1

[Event "IX Festival A"]
[Site "Cesenatico ITA"]
[Date "2004.09.12"]
[Round "9"]
[White "Terbonati, Paolo"]
[Black "Faini, Ivano"]
[Result "1-0"]
[WhiteElo "1931"]
[BlackElo "1679"]
[PlyCount "115"]
[EventDate "2004.09.04"]

1. c4 e5 2. Nc3 Nc6 3. g3 g6 4. Bg2 Bg7 5. Nf3 d6 6. O-O Nge7 7. d3 O-O 8. Rb1
Bg4 9. Bd2 Bxf3 10. Bxf3 Qd7 11. b4 Rae8 12. e3 f5 13. b5 Nd8 14. Nd5 Kh8 15.
Nxe7 Rxe7 16. a4 Bh6 17. Bb4 Ref7 18. Bd5 Rf6 19. f4 c6 20. Bg2 Kg8 21. fxe5
Bxe3+ 22. Kh1 Re6 23. Bxd6 Rfe8 24. d4 Rxd6 25. exd6 Qxd6 26. d5 c5 27. Re1 Kf8
28. Qf3 Bd4 29. Rxe8+ Kxe8 30. Qe2+ Be5 31. Qd2 Nf7 32. Re1 Kf8 33. Qe3 Kg7 34.
Rf1 Nh6 35. Bh3 Nf7 36. Qe1 Ng5 37. Bg2 Nf7 38. Rf3 Ng5 39. Rb3 Nf7 40. Qa5 Bd4
41. Qxa7 Qe7 42. Rb1 Qe3 43. Qxb7 Kf6 44. Qc6+ Kg7 45. b6 Ne5 46. Qe6 Qd2 47.
Qe7+ Kh6 48. Qh4+ Kg7 49. Qf4 Qc3 50. b7 Nd3 51. b8=Q Nf2+ 52. Qxf2 Bxf2 53.
Rb7+ Kf6 54. Qd6+ Kg5 55. Qf4+ Kf6 56. Qxf2 h5 57. Qxc5 h4 58. Qe7# 1-0

[Event "IX Festival A"]
[Site "Cesenatico ITA"]
[Date "2004.09.12"]
[Round "9"]
[White "Voltolini, Giuseppe"]
[Black "Molina, Fabrizio"]
[Result "1-0"]
[WhiteElo "2241"]
[BlackElo "2246"]
[PlyCount "123"]
[EventDate "2004.09.04"]

1. e4 e6 2. d4 d5 3. Nd2 Be7 4. Ngf3 Nf6 5. e5 Nfd7 6. Bd3 c5 7. c3 Nc6 8. O-O
g5 9. dxc5 Ndxe5 10. Bb5 Bd7 11. Re1 Ng6 12. Nb3 g4 13. Bxc6 bxc6 14. Ne5 Nxe5
15. Rxe5 Qc7 16. Bf4 f6 17. Qxg4 O-O-O 18. Rxe6 Bxe6 19. Qxe6+ Qd7 20. Qe2 Kb7
21. Na5+ Ka8 22. Nxc6 Qxc6 23. Qxe7 Rde8 24. Qd6 Kb7 25. Qxc6+ Kxc6 26. Be3 Re4
27. Kf1 Rhe8 28. g3 f5 29. Rd1 Rb8 30. b4 a5 31. a3 axb4 32. axb4 Ra8 33. b5+
Kxb5 34. Rxd5 Rf8 35. Rd7 h5 36. h4 Kc4 37. Rh7 Kxc3 38. Rxh5 Rc4 39. Rh7 Kd3
40. h5 Ke4 41. Kg2 Re8 42. Rf7 Re6 43. h6 Ra4 44. h7 Ra8 45. Bc1 Rc8 46. Bb2
Rh6 47. c6 Kd5 48. h8=Q Rhxh8 49. Bxh8 Rxh8 50. Rxf5+ Kxc6 51. g4 Kd6 52. Kg3
Ke6 53. Ra5 Rh1 54. Ra6+ Ke5 55. f4+ Kd5 56. g5 Rg1+ 57. Kf3 Rf1+ 58. Kg4 Rg1+
59. Kf5 Rg2 60. g6 Rg1 61. Ra8 Kd6 62. Kf6 1-0